000
00335 a2200145 4500
020
_a
N/S
040
_a
ISPLB
082
_a
72
_b
72
100
_9
1186
_a
PORTO EDITORA
245
_a
Regulamento Geral das Edificaė̳s Urbanas
260
_a
Lisboa,
_b
Porto Editora
_c
1990.
300
_a
95p
650
_a
Arquitectura
942
_c
Livros
999
_c
2359
_d
2359